Powiaty województwa świętokrzyskiego - quiz na mapie - Statystyki

Ogólne statystyki
  • Ten quiz został rozwiązany 2 218 razy
  • Średni wynik to 8 z 14
Odpowiedzi na mapie
Odpowiedzi zakodowano w zielono-czerwonej skali na mapie do tego quizu, zgodnie z poniższymi procentami.
 
Statystyki odpowiedzi
Odpowiedź % Poprawnych
Kielecki
92%
Kielce
91%
Sandomierski
70%
Ostrowiecki
57%
Skarżyski
55%
Włoszczowski
55%
Konecki
54%
Buski
53%
Jędrzejowski
53%
Starachowicki
53%
Kazimierski
51%
Opatowski
49%
Pińczowski
46%
Staszowski
42%
Nie znaleziono quizów pasujących do podanych kryteriów
Rozkład punktacji
Procent ludzi z każdym wynikiem
Percentyl według liczby udzielonych odpowiedzi
Twoja historia wyników
Nie rozwiązałeś tego quizu